Food and beverage services: Management to operations (Record no. 395672)

MARC details
000 -LEADER
fixed length control field 00541 a2200205 4500
005 - DATE & TIME
control field 20260408164434.0
008 - FIXED-LENGTH DATA ELEMENTS--GENERAL INFORMATION
fixed length control field 260408b |||||||| |||| 00| 0 eng d
020 ## - ISBN
International Standard Book Number 9788119699773
Price Rs. 2700.00
040 ## - CATALOGING SOURCE
Original cataloging agency VIVEKANANDA LIBRARY
082 ## - DDC NUMBER
Classification number 647.95
Book Number S14E
100 ## - MAIN ENTRY--PERSONAL NAME
Personal name Shivansu, Sachan
245 ## - TITLE STATEMENT
Title Food and beverage services: Management to operations
260 ## - PUBLICATION, DISTRIBUTION, ETC. (IMPRINT)
Name of publisher, distributor, etc Shubham Publications
Date of publication, distribution, etc 2024
Place of publication, distribution, etc Kanpur
300 ## - PHYSICAL DESCRIPTION
Pages 352
650 ## - Subject
Subject Hotel Management
650 ## - Subject
Subject Food
650 ## - Subject
Subject Beverage Service
700 ## - Added Entry Personal Name
Added Entry Personal Name Shukla, Astha
942 ## - ADDED ENTRY ELEMENTS (KOHA)
Koha item type Books
Holdings
Withdrawn status Lost status Source of classification or shelving scheme Damaged status Not for loan Location (home branch) Sublocation or collection (holding branch) Shelving location Date acquired Koha issues (times borrowed) Koha full call number Accession No. Koha date last seen Koha item type
    Dewey Decimal Classification     VIVEKANANDA LIBRARY VIVEKANANDA LIBRARY IHTM Library 03/02/2026   647.95 S14E 425247 03/02/2026 Books
© Designed and Maintained by Vivekananda Library, MDU Rohtak